Making sense of change management a complete guide to the models, tools and techniques of organizational change

Guardat en:
Dades bibliogràfiques
Autor principal: Cameron, Esther
Format: Llibre
Publicat: KoganPage
Etiquetes: Afegir etiqueta
Sense etiquetes, Sigues el primer a etiquetar aquest registre!

MARC

LEADER 00000nam a2200000Ia 4500
005 20260515061616.0
100 |a Cameron, Esther. 
020 |a 9781398612853 
942 |c BK 
245 |a Making sense of change management a complete guide to the models, tools and techniques of organizational change  
260 |b KoganPage 
999 |c 47  |d 47 
952 |0 0  |1 0  |4 0  |7 0  |a ABDN  |b ABDN  |d 2026-05-15  |l 0  |p 000082  |r 2026-05-15 06:16:16  |w 2026-05-15  |y BK